Statistics for Italian Cities

Click here to take the quiz!

General Stats

  • This quiz has been taken 72 times
  • The average score is 7 of 16

Answer Stats

Answer% Correct
Rome
97%
Milan
95%
Venice
82%
Naples
78%
Turin
71%
Florence
69%
Bologna
51%
Palermo
43%
Genoa
34%
Verona
28%
Messina
20%
Padua
11%
Cagliari
9%
Parma
6%
Perugia
6%
Rimini
0%

Score Distribution

Percentile by Number Answered

Percent of People with Each Score

Your Score History

You have not taken this quiz